000 01677nam0a2200385 4500
001 RU\NLR\bibl\1346275
005 20250615172432.0
010 _a978-5-8291-0955-4
_bАкадемический проект
010 _a978-5-902766-47-6
_bАльма Матер
_93000
035 _a(nilc)EL/0000183787
035 _a(NLR Aleph) 001331399
090 _a802682
_c802682
100 _a20080331d2008 |||y0rusy50 ca
101 0 _arus
102 _aRU
105 _aa |||||||||
200 1 _aЭкологический мониторинг
_eучебно-методическое пособие для преподавателей, студентов, учащихся
_f[Ашихмина Т.Я. и др.]
_gпод ред. Т.Я. Ашихминой
205 _a[Изд. 4-е]
210 _aМосква
_cАкадемический Проект
_cАльма Матер
_d2008
215 _a412, [3] с.
_cил.
_d21
225 1 _aGaudeamus
225 1 _aУчебное пособие для вузов
320 _aБиблиогр.: с. 334-339 (90 назв.)
606 1 _aЭкологический мониторинг
_jУчебно-методические пособия
_91674145
_3RU\NLR\auth\66742733
686 _a20.1я7
_vLBC/RL
_2rubbk
686 _aЕ081в.я73
686 _aР121.1-1я73
702 1 _aАшихминина
_bТ. Я.
_gТамара Яковлевна
_4220
801 0 _aRU
_bВладимирская ОУНБ
_c20080331
_grcr
801 1 _aRU
_bВладимирская ОУНБ
_c20080331
_grcr
801 2 _aRU
_bNLR
_c20090326
_grcr
830 _aсост. по кн.
942 _cBOOK
980 _aNB